000 00504nam a2200181Ia 4500
005 20250923144434.0
008 008 250917s9999 xx 000 0 eng d
037 _aTextual
040 _aDSWL
_beng
_cDSWL
041 _aeng
_2eng
084 _qDSWL
100 _aPathak, R.C.
_9824892
245 0 _aBhargava standard illustrated dictionary of Hindi language
_cby R.C. Pathak
260 _aBanaras
_bxxx
_c1946
300 _a1280 p.
942 _cTEXL
999 _c1438884
_d1438884